|
|
|
|
| LEADER |
00000nab a2200000 a 4500 |
| 001 |
vtls000531444 |
| 003 |
SK-MaSNL |
| 005 |
20260304085137.0 |
| 008 |
250425c1994 xo 0 slo |
| 015 |
|
|
|a SNBRB19rr/mm-uuuuu
|
| 035 |
|
|
|a CL0531582
|
| 035 |
|
|
|a urn:nbn:sk:snk-ab2tub
|
| 035 |
|
|
|a (urnnbn)urn:nbn:sk:snk:ar-a02xli
|
| 035 |
|
|
|a (uuid)9f5aeced-91cf-41fb-8f00-424d6d582fb6
|
| 040 |
|
|
|a SNKBUCL
|b slo
|c SNKBUCL
|e AACR2
|
| 041 |
0 |
|
|a slo
|
| 044 |
|
|
|a xo
|c SK
|
| 080 |
|
|
|a 159.922.7(4):061.3
|2 1981
|
| 100 |
1 |
|
|a Stríženec, Michal,
|d 1932-2022
|4 aut
|9 108549
|
| 245 |
1 |
0 |
|a Otázky psychológie dieťaťa na európskom kongrese psychológie
|c Michal Stríženec
|
| 650 |
0 |
7 |
|a psychológia dieťaťa
|2 snkbucl
|9 1793
|
| 651 |
|
7 |
|a Európa
|2 snkbucl
|9 167569
|
| 655 |
|
7 |
|a články z novín a časopisov
|2 snkbucl
|9 267496
|
| 773 |
0 |
|
|t Psychológia a patopsychológia dieťaťa
|g Roč. 29, č. 1 (1994), s. 81
|
| 850 |
|
|
|a Slovenská národná knižnica
|
| 852 |
|
|
|a Slovenská národná knižnica
|
| 954 |
|
|
|a odborná, vedecká literatúra pôvodná (slovenská)
|2 lita
|
| 958 |
|
|
|a article2022
|
| 958 |
|
|
|a RK
|
| 958 |
|
|
|a OND
|
| 958 |
|
|
|a EUIPO
|
| 992 |
|
|
|a RBX
|
| 999 |
|
|
|c 2806713
|d 2808643
|